Automatización del sistema de mezclado para la producción de gasolinas premium y regular en refinería Managua
Presenta una propuesta para automatizar el sistema de mezclado en línea de las cuatro corrientes básicas butano reformado pesado (HPF) reformado ligero (LPF) y nafta virgen ligera (LVN) para la producción de gasolinas premium y regular dentro de los parámetros de calidad RON Y RVP, en refinerí...
| Main Author: | |
|---|---|
| Other Authors: | |
| Format: | Tesis Section = Libro |
| Language: | Undetermined Spanish |
| Published: |
Managua
UNI
2007
|
| Subjects: |
| LEADER | 01221nam a2200265Ia 4500 | ||
|---|---|---|---|
| 008 | 240830s9999 xx 000 0 und d | ||
| 040 | |a CEDOC DACA-RUSB / Mon 658.514 P874 | ||
| 041 | |a spa | ||
| 082 | |a Mon 658.514 P874 | ||
| 100 | 1 | |a Poulson Esquivel, Juan Volney | |
| 245 | 1 | 0 | |a Automatización del sistema de mezclado para la producción de gasolinas premium y regular en refinería Managua |
| 260 | |a Managua |b UNI |c 2007 | ||
| 300 | |a 72 p. :il | ||
| 502 | |a Tesis (Ingeniero Químico) -UNI, 2007. | ||
| 520 | 3 | |a Presenta una propuesta para automatizar el sistema de mezclado en línea de las cuatro corrientes básicas butano reformado pesado (HPF) reformado ligero (LPF) y nafta virgen ligera (LVN) para la producción de gasolinas premium y regular dentro de los parámetros de calidad RON Y RVP, en refinería Managua Esso Standard Oil. | |
| 650 | 7 | |a AUTOMATIZACION - SISTEMA DE MEZCLADO - GASOLINA | |
| 650 | 7 | |b DESTILACION - GASOLINA. | |
| 650 | 7 | |c FLUJO DE LÍQUIDO. | |
| 650 | 7 | |d CONTROL DE PROCESOS. | |
| 650 | 7 | |e MEDICION - CONTROL DE FLUJO. | |
| 650 | 7 | |f DISEÑO DE VALVULAS - CONTROL DE FLUJO | |
| 700 | 1 | |a Tutor: |b Espinoza, Rodolfo | |
| 942 | |c BK |2 ddc | ||
| 991 | |a TESIS | ||
| 999 | |c 26018 | ||